Alphabet Boy - Melanie Martinez (All Lyrics) - Statistics

General Stats
  • This quiz has been taken 4 times
  • The average score is 301 of 444
Answer Stats
Answer % Correct
a
100%
ABCs
100%
aiming
100%
airplanes
100%
alphabet
100%
Alphabet
100%
Always
100%
always
100%
and
100%
Apples
100%
are
100%
around
100%
at
100%
be
100%
blocks
100%
boy
100%
bring
100%
build
100%
building
100%
but
100%
But
100%
can
100%
candy
100%
cane
100%
catch
100%
crush
100%
cry
100%
dangle
100%
dead
100%
degree
100%
diploma
100%
don't
100%
down
100%
fuck
100%
Fuck
100%
I
100%
If
100%
just
100%
keep
100%
know
100%
like
100%
me
100%
my
100%
My
100%
never
100%
paper
100%
say
100%
so
100%
teaching
100%
that
100%
the
100%
up
100%
when
100%
You
100%
you
100%
you'll
100%
your
100%
you're
100%
You're
100%
Ah
50%
ah
50%
all
50%
apologie
50%
aren't
50%
big
50%
bittersweet
50%
bubblegum
50%
buh
50%
Buh
50%
call
50%
coins
50%
counting
50%
daddy
50%
dictionary's
50%
dolly
50%
drops
50%
fridge
50%
get
50%
ground
50%
I'm
50%
kid
50%
little
50%
Little
50%
name
50%
not
50%
now
50%
now?
50%
of
50%
on
50%
play
50%
playground
50%
prince
50%
smarter
50%
Spell
50%
spelling
50%
suprised
50%
than
50%
to
50%
toys
50%
Watch
50%
with
50%
With
50%
won
50%
yeah
50%
yet
50%
alpahbet
0%
appropriate
0%
bad
0%
bee
0%
Butterscotch
0%
chile
0%
destroyed
0%
oh
0%
Oh
0%
ooh
0%
poetry
0%
teching
0%
think
0%
while
0%
No matching quizzes found
Score Distribution
Percent of People with Each Score
Percentile by Number Answered
Your Score History
You have not taken this quiz